02915nam a2200361 a 4500001001200000003000800012006001900020007001500039008004100054010001700095020003600112020003300148020002700181040002100208035002100229050002300250082001700273245021300290260005900503300002500562504005100587505144500638533015202083650003102235650002102266655002902287700003202316700002102348700002202369710001702391856012602408999001902534ebr10587960CaPaEBRm u cr cn|||||||||091009s2010 njua sb 001 0 eng d z 2009041544 z9780691128832 (hbk. alk. paper) z0691128839 (hbk. alk. paper) z9781400835287 (e-book) aCaPaEBRcCaPaEBR a(OCoLC)81140524014aHD61b.K598 2010eb04a658.15/522204aThe known, the unknown, and the unknowable in financial risk managementh[electronic resource] :bmeasurement and theory advancing practice /cFrancis X. Diebold, Neil A. Doherty, Richard J. Herring, editors. aPrinceton, N.J. :bPrinceton University Press,cc2010. aviii, 380 p. :bill. aIncludes bibliographical references and index.0 aRisk : a decision maker's perspective / Clive W.J. Granger -- Mild vs. wild randomness : focusing on those risks that matter / Benoit B. Mandelbrot and Nassim Nicholas Taleb -- The term structure of risk, the role of known and unknown risks, and nonstationary distributions / Riccardo Colacito and Robert F. Engle -- Crisis and noncrisis risk in financial markets : a unified approach to risk management / Robert H. Litzenberger and David M. Modest -- What we know, don't know, and can't know about bank risk : a view from the trenches / Andrew Kuritzkes and Til Schuermann -- Real estate through the ages : the known, the unknown, and the unknowable / Ashok Bardhan and Robert H. Edelstein -- Reflections on decision-making under uncertainty / Paul R. Kleindorfer -- On the role of insurance brokers in resolving the known, the unknown, and the unknowable / Neil A. Doherty and Alexander Muermann -- Insuring against catastrophes / Howard Kunreuther and Mark V. Pauly -- Managing increased capital markets intensity : the chief financial officer's role in navigating the known, the unknown, and the unknowable / Charles N. Bralver and Daniel Borge -- The role of corporate governance in coping with risk and unknowns / Kenneth E. Scott -- Domestic banking problems / Charles A.E. Goodhart -- Crisis management : the known, the unknown, and the unknowable / Donald L. Kohn -- Investing in the unknown and unknowable / Richard J. Zeckhauser. aElectronic reproduction.bPalo Alto, Calif. :cebrary,d2011.nAvailable via World Wide Web.nAccess may be limited to ebrary affiliated libraries. 0aFinancial risk management. 0aRisk management. 7aElectronic books.2local1 aDiebold, Francis X.,d1959-1 aDoherty, Neil A.1 aHerring, Richard.2 aebrary, Inc.40uhttp://site.ebrary.com/lib/rucke/Doc?id=10587960zAn electronic book accessible through the World Wide Web; click to view c108339d108339